Quan điểm của chủ nghĩa Mác-Lênin về nhà nước với việc xây dựng nhà nước pháp quyền xã hội chủ nghĩa Việt Nam

Nhận thức và vận dụng quan điểm của chủ nghĩa Mác-Lênin về nhà nước để xác định và giải quyết những vấn đề cơ bản đang đặt ra nhằm tiếp tục xây dựng và hoàn thiện nhà nước pháp quyền xã hội chủ nghĩa Việt Nam

Gorde:
Xehetasun bibliografikoak
Egile nagusia: Trần Ngọc Liêu
Formatua: Luận văn Liburua
Hizkuntza:Vietnamese
Argitaratua: H. Chính trị Quốc gia 2013
Gaiak:
Etiketak: Etiketa erantsi
Etiketarik gabe, Izan zaitez lehena erregistro honi etiketa jartzen!
Thư viện lưu trữ: Mạng thư viện Đại học Đà Nẵng
LEADER 01713aam a22003858a 4500
001 000019883
003 16324
005 20141128131102.0
008 141125s2013 viesd
020 |c 46000 
041 0 |a vie 
082 1 4 |2 14  |a 320.5322  |b TR-L 
100 1 |a Trần Ngọc Liêu 
245 1 0 |a Quan điểm của chủ nghĩa Mác-Lênin về nhà nước với việc xây dựng nhà nước pháp quyền xã hội chủ nghĩa Việt Nam  |c Trần Ngọc Liêu 
260 |a H.  |b Chính trị Quốc gia  |c 2013 
300 |a 269 tr.  |c 20 cm. 
502 |a Đại học Khoa học Xã hội và Nhân văn ; Ngày bảo vệ: 24/4/2010 
504 |a Thư mục: tr. 269 
520 |a Nhận thức và vận dụng quan điểm của chủ nghĩa Mác-Lênin về nhà nước để xác định và giải quyết những vấn đề cơ bản đang đặt ra nhằm tiếp tục xây dựng và hoàn thiện nhà nước pháp quyền xã hội chủ nghĩa Việt Nam 
650 7 |2 Bộ TK TVQG 
650 0 4 |2 Bộ TK TVQG  |a Chủ nghĩa Mác-Lênin  |x Nhà nước pháp quyền 
651 7 |2 Bộ TK TVQG  |a Việt Nam 
653 |a Nhà nước pháp quyền 
653 |a Chủ nghĩa Mác-Lênin 
OWN |a LSP 
AVA |a UDN50  |b LSP  |d 320.5322 TR-L  |e available  |t Error 5001 Not defined in file expand_doc_bib_avail.  |f 5  |g 0  |h N  |i 0  |k 1 
999 |a From the UDN01 
AVA |a UDN50  |b LSP  |d 320.5322 TR-L  |e available  |t Error 5001 Not defined in file expand_doc_bib_avail.  |f 5  |g 0  |h N  |i 0  |k 1 
TYP |a Dissertation 
TYP |a Monograph 
TYP |a Printed language 
980 |a Mạng thư viện Đại học Đà Nẵng